| 000 | 00376nam a2200145Ia 4500 | ||
|---|---|---|---|
| 001 | 3841 | ||
| 008 | 241024s9999 xx 000 0 und d | ||
| 020 | _a978-9945-415-57-5 | ||
| 082 | _aRD/303/M623c | ||
| 100 | _aJesús Elias Michelén | ||
| 245 | 0 | _aCapital social comunicativo | |
| 260 |
_bEditora Amigo del Hogar _c2014 |
||
| 901 | _a29/10/2014 9:44:03 a.m. | ||
| 999 |
_c9892 _d9892 |
||